Načítá se...

The Routledge companion to dramaturgy /

Podrobná bibliografie
Médium: Printed Book
Jazyk:English
Vydáno: London: Routledge, 2015.
Témata:
LEADER 00927cam a2200229 i 4500
008 140328s2015 enk b 001 0 eng
010 |a  2014002637 
020 |a 9780415658492 
042 |a pcc 
082 0 0 |a 792.02  |2 23 
245 0 4 |a The Routledge companion to dramaturgy /  |c edited by Magda Romanska. 
260 |a London:  |b Routledge,  |c 2015. 
300 |a xxxiii, 533 pages ;  |c 26 cm 
504 |a Includes bibliographical references and indexes. 
650 0 |a Theater  |x Production and direction. 
650 0 |a Dramaturges. 
700 1 |a Romanska, Magda,  |e editor of compilation. 
942 |2 ddc  |c REF 
906 |a 7  |b cbc  |c orignew  |d 1  |e ecip  |f 20  |g y-gencatlg 
955 |b xk13 2014-03-28  |i xk13 2014-03-28 (telework) to DEWEY  |a xk06 2015-05-21 1 copy rec'd, to CIP ver. 
999 |c 259751  |d 259751 
952 |0 0  |1 0  |4 0  |6 792_020000000000000_ROU  |7 0  |9 289154  |a RUS  |b RUS  |c REF  |d 2018-01-31  |i 9429  |l 0  |o 792.02 ROU  |p RUS9429  |r 2018-01-31  |w 2018-01-31  |y REF